000 00565nam a2200193Ia 4500
999 _c8925
_d8925
003 OSt
005 20200903121753.0
008 190216s9999||||xx |||||||||||||| ||und||
020 _a9788173196430
040 _coclc
082 _a530
_bCHA/C
100 _aChandra, Suresh
_94404
245 0 _aComputer Applications In Physics With Fortran,Basic And C /
_cSuresh Chandra
250 _a2nd Ed.
260 _bNarosa Publishing House,
_aNew Delhi:
_c2006.
300 _a427p
650 _aComputer
942 _cBK
_2ddc
_h530
_iCHA/C
_k530
_mCHA/C